000 00511nam a2200145Ia 4500
008 231217s9999 xx 000 0 und d
041 _aEnglish
082 _a027.054 RAJ;1 R
100 _aRajaraman, V. Neelameghan, A. Prasad, K N.
245 0 _aInformation systems, networks, and services in India Vol. 1 : development and trends
260 _c1998
_bRanganathan Centre for Information Studies
_aChennai
300 _ai, 158
650 _aInformation,systems,,networks,,India,Vol.,1,trends
942 _cAA
999 _c197825
_d197825